TCU Basketball: Leading Scorer Every Year - Statistics

General Stats
  • This quiz has been taken 8 times
    4 since last reset
  • The average score is 28 of 76
Answer Stats
Year Player Average % Correct
2018-2019 Desmond Bane 15.2
100%
2019-2020 Desmond Bane 16.6
100%
2023-2024 Emanuel Miller 15.8
100%
2021-2022 Mike Miles 15.4
100%
2022-2023 Mike Miles 17.9
100%
1968-1969 James Cash 16.3
75%
1993-1994 Kurt Thomas 20.7
75%
1994-1995 Kurt Thomas 28.9
75%
2015-2016 Chauncey Collins 12.3
50%
1954-1955 Dick O'Neal 28.2
50%
1955-1956 Dick O'Neal 24.7
50%
1956-1957 Dick O'Neal 18.9
50%
1970-1971 Goo Kennedy 20.4
50%
1987-1988 John Lewis / Norman Anderson 13.3
50%
2012-2013 Kyan Anderson 12.0
50%
2013-2014 Kyan Anderson 17.0
50%
2014-2015 Kyan Anderson 13.4
50%
1997-1998 Lee Nailon 24.9
50%
1998-1999 Lee Nailon 22.8
50%
1990-1991 Reggie Smith 17.5
50%
1991-1992 Reggie Smith 17.9
50%
2020-2021 RJ Nembhard 15.7
50%
2016-2017 Vladimir Brodziansky 14.1
50%
2017-2018 Vladimir Brodziansky 15.0
50%
1962-1963 Bobby McKinley 13.6
25%
1959-1960 Bobby Tyler 12.0
25%
1985-1986 Carl Lott 15.8
25%
1986-1987 Carven Holcombe 17.5
25%
2003-2004 Corey Santee 14.5
25%
2004-2005 Corey Santee 14.3
25%
1989-1990 Craig Sibley 13.9
25%
1995-1996 Damion Walker 20.5
25%
1980-1981 Darrell Browder 19.4
25%
1982-1983 Darrell Browder 17.3
25%
1976-1977 Daryl Braden 14.6
25%
1979-1980 Deckery Johnson 13.9
25%
1983-1984 Dennis Nutt 17.5
25%
1984-1985 Dennis Nutt 17.8
25%
1981-1982 Doug Arnold 19.5
25%
1969-1970 Doug Boyd 16.9
25%
1992-1993 Eric Dailey 14.9
25%
1973-1974 Gary Landers 11.0
25%
1975-1976 Gary Landers 15.2
25%
1963-1964 Gary Turner 18.8
25%
1964-1965 Gary Turner 20.1
25%
1965-1966 Gary Turner 21.8
25%
1949-1950 George McLeod 12.8
25%
1950-1951 George McLeod 13.5
25%
1951-1952 George McLeod 17.4
25%
2011-2012 Hank Thorns 13.5
25%
1958-1959 H.E. Kirchner 20.0
25%
1952-1953 Henry Ohlen 17.7
25%
1953-1954 Henry Ohlen 18.5
25%
1960-1961 Jerry Cobb 16.1
25%
1988-1989 John Lewis 15.1
25%
1978-1979 Jon Mansbury 11.9
25%
1948-1949 Julius Dolnice 12.9
25%
2001-2002 Junior Blount 19.5
25%
2002-2003 Junior Blount 17.7
25%
2008-2009 Kevin Lanford 13.9
25%
2006-2007 Kevin Langford 13.2
25%
2007-2008 Kevin Langford 13.3
25%
1972-1973 Lynn Royal 16.2
25%
1996-1997 Malcolm Johnson 18.7
25%
1999-2000 Marquise Gainous 20.7
25%
1966-1967 Micky McCarty 14.8
25%
1967-1968 Micky McCarty 18.8
25%
2005-2006 Nile Murry 16.7
25%
1961-1962 Phil Reynolds 18.0
25%
2009-2010 Ronnie Moss 14.9
25%
2010-2011 Ronnie Moss 15.7
25%
1957-1958 Ronny Stevenson 17.8
25%
2000-2001 Ryan Carroll 17.5
25%
1971-1972 Simpson Degrate 19.8
25%
1977-1978 Steve Scales 14.8
25%
1974-1975 Thomas Bledsoe 12.8
25%
No matching quizzes found
Score Distribution
Percent of People with Each Score
Percentile by Number Answered
Your Score History
You have not taken this quiz since the last reset